Triển vọng thị trường chứng khoán Việt Nam : Nhìn từ góc độ pháp lý

Cuốn sách không chỉ trinh bày những vấn đề cơ bản của chứng khoán và thị trường chứng khoán, mà còn đi sâu phân tích đầy đủ các vấn đề pháp lý liên quan đến việc vận hành và hoạt động của thị trường chứng khoán tại Việt Nam....

Celý popis

Uloženo v:
Podrobná bibliografie
Hlavní autor: Trịnh, Văn Quyết
Médium: Kniha
Jazyk:Undetermined
Vydáno: Hà Nội Tư Pháp 2007
Témata:
Tagy: Přidat tag
Žádné tagy, Buďte první, kdo otaguje tento záznam!
Thư viện lưu trữ: Trung tâm Học liệu Trường Đại học Cần Thơ
LEADER 01067nam a2200229Ia 4500
001 CTU_157517
008 210402s9999 xx 000 0 und d
020 |c 24000 
082 |a 343.597037 
082 |b Qu528 
100 |a Trịnh, Văn Quyết 
245 0 |a Triển vọng thị trường chứng khoán Việt Nam : 
245 0 |b Nhìn từ góc độ pháp lý 
245 0 |c Trịnh Văn Quyết, Đào Mạnh Kháng 
260 |a Hà Nội 
260 |b Tư Pháp 
260 |c 2007 
520 |a Cuốn sách không chỉ trinh bày những vấn đề cơ bản của chứng khoán và thị trường chứng khoán, mà còn đi sâu phân tích đầy đủ các vấn đề pháp lý liên quan đến việc vận hành và hoạt động của thị trường chứng khoán tại Việt Nam. 
650 |a Securities,Chứng khoán 
650 |z Vietnam,Việt Nam 
904 |i Anh Tho,QHieu 
980 |a Trung tâm Học liệu Trường Đại học Cần Thơ